000 00309nam a2200157Ia 4500
100 _aCIMI
650 _aTurner
942 _cBK
654 _aturner
245 _aTurner-Second year trade theory
260 _bCIMI
_aChennai
082 _a621.9
_bCIM
300 _a175
546 _aENGLISH
999 _c27745
_d27745